000
00282nam a22001217a 4500
008
260409b |||||||| |||| 00| 0 eng d
040
_a
RCL
082
_a
657 G98A
100
_a
Gupta,R.L.
245
_a
Advanced Accountancy
260
_a
New Delhi
_b
Sultan Chand
_c
1984
942
_c
BK
999
_c
48152
_d
48152